000 00428nam a2200181Ia 4500
001 3287
005 20260306145632.0
008 260306t2003||||xx |||||||||||||| ||spa||
041 _aESP
082 _a262.91
_bJ81R3 2003
100 _aJuan Pablo II
_eAUT
245 0 _aRedemptor hominis:
_bsobre Cristo redentor del hombre
260 _c2003
300 _a
_c
650 _aGEN
654 _aCHU
942 _cLIB
_dJUS
_fJUS
_2ddc
_n
999 _c3287
_d3287